| 000 | 02774nam a2200409 i 4500 | ||
|---|---|---|---|
| 003 | DO-SdBNP | ||
| 005 | 20251103103423.0 | ||
| 007 | ta | ||
| 008 | 250709b2025 dr ac||| |||| 00| 0 spa d | ||
| 020 | _a9789945945331 | ||
| 040 |
_aDO-SdBNP _bspa _cBNPHU _erda |
||
| 041 | _aspa | ||
| 082 | 4 |
_a972.0304 _bB333h _222 |
|
| 100 |
_aBatista Lemaire, Olivier, _eautor _4aut. _943251 |
||
| 245 | 1 | 0 |
_aHistoria social de la dominación haitiana, 1822-1844 / _cOlivier Batista Lemaire ; corrección de estilo, Aimara Vera, cuidado de la edición y fotografías, José Chez Checo ; presentación, Juan Daniel Balcácer. |
| 250 | _aPrimera edición | ||
| 264 | 4 |
_aSanto Domingo : _bAcademia Dominicana de la Historia, _c©2025. |
|
| 300 |
_a497 páginas : _bilustraciones, retratos ; _c23 cm. |
||
| 336 |
_atexto _btxt _2rdacontent |
||
| 337 |
_asin mediación _bn _2rdamedia |
||
| 338 |
_avolumen _bnc _2rdacarrier |
||
| 490 | 1 |
_aArchivo General de la Nación _v540 |
|
| 490 | 1 |
_aAcademia Dominicana de la Historia _v171 |
|
| 500 | _aIncluye referencias bibliográficas y notas al pie de las páginas | ||
| 500 | _aIncluye datos biográficos del autor en la solapa de la cubierta | ||
| 500 | _aIncluye índice onomástico | ||
| 504 | _aBibliografía : páginas 461-470 | ||
| 505 | _aPresentación, 11 -- Introducción, 17 -- Capítulo 1. La invasión de Toussaint Louverture a Santo Domingo: dictadura agraria y rechazo, 27 -- Capítulo 2. Jean Pierre Boyer y el grupo socioétnico mulato: biografía social y contexto político-militar, 61 Capítulo 3. -- El poder militar haitiano y la relegación social de los hispano-dominicanos, 81 -- Capítulo 4. Acción de resistencia y protestas de los hispano-dominicanos contra las arbitrariedades y vejámenes militares, 225 -- Capítulo 5. La élite civiles hispano-dominicana: posiciones sociales ancilares y/o exilio protestatario, 179 -- Capítulo 6. La cuestión esclava: de la abolición de la esclavitud a la servidumbre, 265 -- Capítulo 7. La ley del 8 lulio de 1824: expropiaciones y resistencia popular hispano-dominicana, 301 -- Capítulo 8. La repartición de tierras por Jean Pierre Boyer: de la ficción a la realidad, 425 -- Capítulo 9. El código rural de 1826: una opción coercitiva para aumentar la producción, 443 -- | ||
| 590 | _aInventariado, 2025 /LP | ||
| 651 | 4 |
_aRepública Dominicana _xHistoria _yOcupación haitiana, 1822-1844 _978065 |
|
| 651 | 4 |
_aRepública Dominicana _xPolítica y gobierno _yOcupación haitiana, 1822-1844 _978065 |
|
| 700 | 1 |
_aChez Checo. José, _eeditor _4ed. _980381 |
|
| 700 | 1 |
_aChez Checo. José, _eeditor _4ed. _980381 |
|
| 700 | 1 |
_aBalcácer, Juan Daniel, _epresentador _4pr. _988292 |
|
| 910 | _aLP/Validado. Control de calidad MFF | ||
| 942 |
_2ddc _cLBS1 |
||
| 999 |
_c59474 _d59474 |
||